Ohio and Mississippi River transportation, 1810-1860 /

Bibliographic Details
Main Author: Haites, Erik F.
Format: Thesis Microform Book
Language:English
Published: [Place of publication not identified] : [publisher not identified] ; 1969.
Subjects:

MARC

Tag First Indicator Second Indicator Subfields
LEADER 00000cam a2200000 a 4500
001 in00000010480
005 20151007051358.0
007 hd afb|||||||
008 830610r19701969miua ab 00010 eng d
035 |a (OCoLC)09595963 
035 |9 AAA2691AM 
040 |a LNC  |c LNC  |d TXA  |d UtOrBLW 
043 |a n-usm-- 
049 |a TXAI 
099 |a film  |a B  |a 1786 
100 1 |a Haites, Erik F. 
245 1 0 |a Ohio and Mississippi River transportation, 1810-1860 /  |c by Erik Friso Haites. 
264 1 |a [Place of publication not identified] :  |b [publisher not identified] ;  |c 1969. 
300 |a xiii, 258 leaves :  |b illustrations 
336 |a text  |b txt  |2 rdacontent 
337 |a microform  |b h  |2 rdamedia 
338 |a microfilm reel  |b hd  |2 rdacarrier 
502 |b Ph. D.  |c Purdue University  |d 1970. 
500 |a Vita. 
504 |a Bibliography: leaves 180-209. 
533 |a Microfilm.  |b Ann Arbor, Mich. :  |c University Microfilms,  |d 1970.  |e 1 microfilm reel ; 35 mm. 
500 |a Microform. 
650 0 |a Shipping  |z Mississippi River  |x History. 
650 0 |a Inland navigation  |z Mississippi River Valley  |x History. 
999 |a MARS 
999 f f |s c0cb8bfb-9d57-3a3c-bed5-543841a80970  |i 87aed77c-5454-32e3-91d8-361f9438f084  |t 0 
952 f f |p normal  |a Texas A&M University  |b College Station  |c Sterling C. Evans Library  |d Evans: Microforms (3rd floor)  |t 0  |e film B 1786  |h Other scheme  |i microform -- microfilm reel  |m A14824183110 
998 f f |a film B 1786  |t 0  |l Evans: Microforms (3rd floor)